000 01154nam a22002057a 4500
999 _c57246
_d57246
003 Ge_BSU
005 20200128151416.0
008 200128s2006 ge ||||| |||| 00| 0 geo d
041 _ageo
080 _a341.231.14(4) ა-26
245 _aადამიანის უფლებათა ევროპული სასამართლოს განაჩენთა კრებული :
_bწ. 4 /
_cთარგმ : ბესარიონ ბოხაშვილი ; ლაშა ჭელიძე ; რედ. ანუკი გეგეჭკორი.
264 _aთბილისი :
_bევროპის საბჭო,
_c2006.
300 _a364 გვ.;
_c 23 სმ.
653 _aადამიანის უფლებათა დაცვა
653 _aსამართალი
700 _aბოხაშვილი, ბესარიონ
_eმთარგმნელი
_96433
700 _aჭელიძე, , ლაშა
_eმთარგმნელი
_91297
700 _aგეგეჭკორი, ანუკი
_eრედაქტორი
_96434
942 _2udc
_cBK